Western Europe since 1945 : a bibliography
Saved in:
| Main Author: | |
|---|---|
| Format: | Book |
| Language: | English |
| Published: |
London :
The Scarecrow Press,
1996
|
| Series: | Scarecrow area bibliographies ;
; 9 |
| Subjects: | |
| Tags: |
Add Tag
No Tags, Be the first to tag this record!
|
MARC
| LEADER | 00000nam a2200000 i 4500 | ||
|---|---|---|---|
| 001 | 1/89387 | ||
| 008 | 990913s1996 eng d | ||
| 020 | |a 0-8108-3112-0 | ||
| 035 | |l 10052777 | ||
| 040 | |a GR-MY-UA |b gre |e aacr | ||
| 041 | 0 | |a eng | |
| 082 | 0 | |a 016.9 | |
| 100 | 1 | |a Higbee, Joan Florence. | |
| 245 | 1 | 0 | |a Western Europe since 1945 : |b a bibliography / |c by Joan F. Higbee |
| 260 | |a London : |b The Scarecrow Press, |c 1996 | ||
| 300 | |a 181 p. | ||
| 490 | 1 | |a Scarecrow area bibliographies |v ; 9 | |
| 504 | |a Includes index | ||
| 651 | 0 | |a Europe, Western |x History |x Bibliography. | |
| 830 | 0 | |a Scarecrow area bibliographies ; |v ; 9 | |
| 852 | |a INST |b LESVOS |e 19990913 |h 016.9 HIG |p 005100019553 |q 005100019553 |t REF |y 23 | ||
| 901 | |a BIBL1-1999-3 | ||
| 909 | |a Λ |b 065737 | ||
| 922 | |a 1ΕΛΗ |b 199905 |c ΚΠΣ/ΚΥΒ |d LEADER | ||
| 950 | |a 023-1998-09-14 | ||
| 970 | |z 1999/09/13 |a ΜΟΥΣΤΑΚΑ |b ΠΗΝΕΛΟΠΗ | ||